000 00230nam a22000857a 4500
008 161101b xxu||||| |||| 00| 0 eng d
100 _91012
_aSingh.A.K.
245 _aScience Chemistry-X
260 _aNew Delhi
_bBharathi publications
_c2011
999 _c3672
_d3672